| 000 | 00364 a2200169 4500 | ||
|---|---|---|---|
| 001 | 71144 | ||
| 020 | _a8516003450 | ||
| 040 | _cAnchieta - Colégio São Paulo | ||
| 100 | _aGuedes, Avelino | ||
| 240 | 1 | 0 |
_aCobra-cega _lpor |
| 245 | 1 | 0 | _aCobra-cega |
| 300 | _a16 | ||
| 362 | 0 | _a1991 | |
| 440 | 1 | _aModerna | |
| 650 | 4 | _aLiteratura infanto-juvenil | |
| 942 | _cBK | ||
| 999 |
_c71144 _d71144 |
||